Encouragement: The Unexpected Power of Building Others Up / (Record no. 49921)
| 000 -LEADER | |
|---|---|
| fixed length control field | 01438nam a2200133 4500 |
| 020 ## - INTERNATIONAL STANDARD BOOK NUMBER | |
| International Standard Book Number | 9780310336891 |
| 100 ## - MAIN ENTRY--PERSONAL NAME | |
| Personal name | Crabb, Larry, Dr. |
| Relator term | author. |
| 9 (RLIN) | 87012 |
| 245 ## - TITLE STATEMENT | |
| Title | Encouragement: The Unexpected Power of Building Others Up / |
| Statement of responsibility, etc | Dr.Larry Crabb and Dr.Dan Allender. |
| 260 ## - PUBLICATION, DISTRIBUTION, ETC. (IMPRINT) | |
| Name of publisher, distributor, etc | Zondervan; |
| Date of publication, distribution, etc | 11 May, 2013. |
| 300 ## - PHYSICAL DESCRIPTION | |
| Extent | 160 pages. |
| Dimensions | 5.45 x 0.5 x 8.45 inches. |
| 520 ## - SUMMARY, ETC. | |
| Summary, etc | According to Drs. Larry Crabb and Dan Allender, encouragement is more than a compliment or a pat on the back. It's a skill that can be mastered by anyone. Crabb and Allender ask: "What must we know in order to fulfill the biblical exhortation to 'encourage one another?'" Encouragement provides the answer.<br/><br/>Part one deals with understanding encouragement, and part two explores the process of encouragement, including such practical how-tos as developing a careful selection of encouraging words; cultivating active listening skills; using biblical fellowship to move beyond superficial smiles and shallow greetings; and recognizing subtle opportunities for encouragement.<br/><br/>Without the encouragement of a caring community, biblical truth taught in church tends to just thicken people's defense layers. But authenticity, freedom, and greater love for God and others are the fruit of encouragement, and evidence of the tremendous power God invests in individuals who practice it. |
| 650 ## - SUBJECT ADDED ENTRY--TOPICAL TERM | |
| 9 (RLIN) | 504 |
| Topical term or geographic name as entry element | Encouragement |
| General subdivision | Religious aspects |
| -- | Christianity. |
| 942 ## - ADDED ENTRY ELEMENTS (KOHA) | |
| Source of classification or shelving scheme | |
| Koha item type | Book |
| Withdrawn status | Lost status | Source of classification or shelving scheme | Damaged status | Not for loan | Home library | Current library | Date acquired | Total Checkouts | Full call number | Barcode | Checked out | Date last seen | Date checked out | Price effective from | Koha item type |
|---|---|---|---|---|---|---|---|---|---|---|---|---|---|---|---|
| Logos International School | Logos International School | 12/10/2025 | 2 | 248.4 CRA | 100147 | 07/17/2026 | 03/02/2026 | 03/02/2026 | 12/10/2025 | Book |